The military 100 : (Record no. 587170)
[ view plain ]
| 000 -LEADER | |
|---|---|
| fixed length control field | 00939cam a2200265 a 4500 |
| 001 - CONTROL NUMBER | |
| control field | 1163369 |
| 005 - DATE AND TIME OF LATEST TRANSACTION | |
| control field | 20211207134713.0 |
| 008 - FIXED-LENGTH DATA ELEMENTS--GENERAL INFORMATION | |
| fixed length control field | 960701s1996 njua 001 0 eng |
| 010 ## - LIBRARY OF CONGRESS CONTROL NUMBER | |
| LC control number | 96031575 |
| 020 ## - INTERNATIONAL STANDARD BOOK NUMBER | |
| International Standard Book Number | 0806518286 (hc) |
| 040 ## - CATALOGING SOURCE | |
| Original cataloging agency | DLC |
| Transcribing agency | DLC |
| Modifying agency | DLC |
| 050 00 - LIBRARY OF CONGRESS CALL NUMBER | |
| Classification number | UB210 |
| Item number | .L264 1996 |
| 082 00 - DEWEY DECIMAL CLASSIFICATION NUMBER | |
| Classification number | 355.00922 |
| Edition number | 20 |
| Author Mark | LAN |
| 100 1# - MAIN ENTRY--PERSONAL NAME | |
| Personal name | Lanning, Michael Lee. |
| 9 (RLIN) | 85911 |
| 245 14 - TITLE STATEMENT | |
| Title | The military 100 : |
| Remainder of title | a ranking of the most influential military leaders of all time / |
| Statement of responsibility, etc. | Michael Lee Lanning. |
| 246 3# - VARYING FORM OF TITLE | |
| Title proper/short title | Military one hundred |
| 260 ## - PUBLICATION, DISTRIBUTION, ETC. | |
| Place of publication, distribution, etc. | Secaucus, N.J. : |
| Name of publisher, distributor, etc. | Carol Pub. Group, |
| Date of publication, distribution, etc. | c1996. |
| 300 ## - PHYSICAL DESCRIPTION | |
| Extent | xii, 372 p. : |
| Other physical details | ill. ; |
| Dimensions | 26 cm. |
| 500 ## - GENERAL NOTE | |
| General note | "A Citadel Press book." |
| 500 ## - GENERAL NOTE | |
| General note | Includes index. |
| 650 #0 - SUBJECT ADDED ENTRY--TOPICAL TERM | |
| Topical term or geographic name entry element | Leadership. |
| 9 (RLIN) | 85912 |
| 906 ## - LOCAL DATA ELEMENT F, LDF (RLIN) | |
| a | 7 |
| b | cbc |
| c | orignew |
| d | 1 |
| e | ocip |
| f | 19 |
| g | y-gencatlg |
| 942 ## - ADDED ENTRY ELEMENTS (KOHA) | |
| Source of classification or shelving scheme | |
| Koha item type | Book |
| Withdrawn status | Lost status | Source of classification or shelving scheme | Damaged status | Not for loan | Permanent Location | Current Location | Date acquired | Total Checkouts | Full call number | Barcode | Date last seen | Price effective from | Koha item type |
|---|---|---|---|---|---|---|---|---|---|---|---|---|---|
| School of Civil and Environmental Engineering (SCEE) | School of Civil and Environmental Engineering (SCEE) | 12/07/2021 | 355.00922 LAN | NIT-13388 | 12/07/2021 | 12/07/2021 | Book |
